000 01008nam a22002537a 4500
999 _c65880
_d65880
005 20240530110847.0
008 201027s2020 ua a g b 000 0 ara d
017 _a2019/27764
_bمصر. دار الكتب
020 _a9789776784116
040 _aEG-CaGPL
_cEG-CaGPL
082 0 4 _221
_a363.31/
_bض ف
100 0 _aضياء الدين عبدالواحد حافظ
245 1 2 _aالفساد فى مجال البحث العلمى فى العالم العربى /
_cتاليف ضياء الدين عبدالواحد حافظ
250 _aط.1
260 _aالقاهرة :
_bدار الوفاء لدنيا الطباعة و النشر،
_c2020.
300 _a220 ص. ؛
_c24 سم .
504 _aيشتمل على ارجاعات ببليوجرافية
650 0 7 _2qrmak
_aالبحث العلمى
650 0 7 _2qrmak
_aالبحث العلمى
_xفساد
650 0 7 _2qrmak
_aالمطبوعات
_xرقابة
651 _2qrmak
942 _2ddc
_cBK